Autobriogafía precoç / (Record no. 61488)

MARC details
000 -LEADER
campo de control de longitud fija 00774nam a2200217 i 4500
001 - NÚMERO DE CONTROL
campo de control 61488
003 - IDENTIFICADOR DE NÚMERO DE CONTROL
campo de control ES-MaACL
005 - FECHA Y HORA DE LA ÚLTIMA TRANSACCIÓN
campo de control 20240521134254.0
007 - CAMPO FIJO DE DESCRIPCIÓN FÍSICA--INFORMACIÓN GENERAL
campo de control de longitud fija t|
008 - DATOS DE LONGITUD FIJA--INFORMACIÓN GENERAL
campo de control de longitud fija 031112s1967 sp ||||1|acat d
100 1# - ENTRADA PRINCIPAL--NOMBRE DE PERSONA
Nombre de persona Evtushenko, Evgueniï Aleksandrovich.
9 (RLIN) 48409
245 10 - MENCIÓN DEL TÍTULO
Título Autobriogafía precoç /
Mención de responsabilidad, etc. E. Ievtuixenko ; estudi de Josep M. Castellet ; [traducció de Maurici Serrahima ; poemes, traducció directa del rus d'Elena Vidal].
260 ## - PUBLICACIÓN, DISTRIBUCIÓN, ETC.
Lugar de publicación, distribución, etc. Barcelona :
Nombre del editor, distribuidor, etc. Materials,
Fecha de publicación, distribución, etc. [1967]
300 ## - DESCRIPCIÓN FÍSICA
Extensión 139 p. ;
Dimensiones 21 cm.
600 14 - PUNTO DE ACCESO ADICIONAL DE MATERIA--NOMBRE DE PERSONA
Nombre de persona Evtushenko, Evgueniï Aleksandrovich.
9 (RLIN) 48409
700 1# - ENTRADA AGREGADA--NOMBRE PERSONAL
Nombre de persona Castellet, J. M.,
Fechas asociadas al nombre 1926-2014
9 (RLIN) 156498
700 1# - ENTRADA AGREGADA--NOMBRE PERSONAL
Nombre de persona Serrahima, Maurici.
9 (RLIN) 105674
700 1# - ENTRADA AGREGADA--NOMBRE PERSONAL
Nombre de persona Vidal, Elena.
9 (RLIN) 114421
852 ## - LOCALIZACIÓN
Ubicación ES-MaACL
Número de control de estantería C-48833
Holdings
Estatus retirado Estado de pérdida Estado de daño No para préstamo Biblioteca de origen Biblioteca actual Ubicación en estantería Fecha de adquisición Fuente de adquisición Total de préstamos Signatura topográfica completa Código de barras Visto por última vez Precio de reemplazo Tipo de ítem Koha
        Biblioteca del Ateneo de Madrid Biblioteca del Ateneo de Madrid Depósito 2 17/01/2008     C-48833 1064473 23/02/2023 23/02/2023 Libro impreso